<?xml version="1.0" encoding="UTF-8"?>
<record
    xmlns:xsi="http://www.w3.org/2001/XMLSchema-instance"
    xsi:schemaLocation="http://www.loc.gov/MARC21/slim http://www.loc.gov/standards/marcxml/schema/MARC21slim.xsd"
    xmlns="http://www.loc.gov/MARC21/slim">

  <leader>00739nam a22001817a 4500</leader>
  <controlfield tag="003">OSt</controlfield>
  <controlfield tag="005">20130610100649.0</controlfield>
  <controlfield tag="008">130426s        spa||||| |||| 00| 0 cat d</controlfield>
  <datafield tag="040" ind1=" " ind2=" ">
    <subfield code="c">CDMR</subfield>
  </datafield>
  <datafield tag="100" ind1="1" ind2=" ">
    <subfield code="9">647</subfield>
    <subfield code="a">Costa i Fern&#xE1;ndez, Llu&#xED;s</subfield>
  </datafield>
  <datafield tag="245" ind1="1" ind2="0">
    <subfield code="a">Temps de transici&#xF3;</subfield>
    <subfield code="b">: la premsa municipal al Baix Empord&#xE0;</subfield>
    <subfield code="c">Llu&#xED;s Costa</subfield>
  </datafield>
  <datafield tag="260" ind1=" " ind2=" ">
    <subfield code="a">[Begur]</subfield>
    <subfield code="b">Ajuntament de Begur</subfield>
    <subfield code="c">DL 2005</subfield>
  </datafield>
  <datafield tag="300" ind1=" " ind2=" ">
    <subfield code="a">26 p.</subfield>
    <subfield code="b">il.</subfield>
  </datafield>
  <datafield tag="500" ind1=" " ind2=" ">
    <subfield code="a">Una primera versi&#xF3; de l'obra va ser presentada al VII&#xE8; congr&#xE9;s de l'Associaci&#xF3;n de Historiadores de la Comunicaci&#xF3;n (Barcelona, 18 i 19 de novembre de 2004) sot el nom "25 a&#xF1;os de libertad de expresi&#xF3;n".</subfield>
  </datafield>
  <datafield tag="650" ind1="0" ind2="4">
    <subfield code="9">3717</subfield>
    <subfield code="a">Premsa comarcal</subfield>
    <subfield code="z">Catalunya</subfield>
  </datafield>
  <datafield tag="710" ind1="1" ind2=" ">
    <subfield code="9">2849</subfield>
    <subfield code="a">Begur</subfield>
    <subfield code="b"> -- Ajuntament</subfield>
  </datafield>
  <datafield tag="942" ind1=" " ind2=" ">
    <subfield code="2">udc</subfield>
    <subfield code="c">FULLET</subfield>
  </datafield>
  <datafield tag="999" ind1=" " ind2=" ">
    <subfield code="c">6152</subfield>
    <subfield code="d">6152</subfield>
  </datafield>
  <datafield tag="952" ind1=" " ind2=" ">
    <subfield code="0">0</subfield>
    <subfield code="1">0</subfield>
    <subfield code="4">0</subfield>
    <subfield code="7">0</subfield>
    <subfield code="a">CDMR</subfield>
    <subfield code="b">CDMR</subfield>
    <subfield code="d">2013-01-16</subfield>
    <subfield code="l">0</subfield>
    <subfield code="o">Du 8/20</subfield>
    <subfield code="p">CDMR13046287J</subfield>
    <subfield code="r">2013-04-26</subfield>
    <subfield code="w">2013-04-26</subfield>
    <subfield code="y">FULLET</subfield>
  </datafield>
</record>
